000 00682nam a2200217Ii 4500
003 JO-AjNU
008 230605s9999||||xx |||||||||||||| ||und||
017 _a2005/7/1741
040 _aJO-AjNU
_bara
_erda
_cJO-AjNU
041 _aara
050 1 4 _aPJ7862.H328.S55 2007
100 3 _aتأليف شحادة،عبد الخالق محمد,
_eauthor
_99954
245 0 0 _aالسمسمة العذراء ولهيب الصحراء
250 _aط1
264 3 1 _aعمان: المؤلف، 2007
300 _a107ص
336 _atext
_btxt
_2rdacontent
337 _aunmediated
_bn
_2rdamedia
338 _avolume
_bnc
_2rdacarrier
650 4 _aالأدب العربي - روايات
_99955
999 _aA1562
_c5130
_d5130